000
00361nam a2200121Ia 4500
003
GCL
008
140319s9999 xx 000 0 ara d
040
_a
GCL /
_c
GCL
082
0
4
_a
830.01
_b
هـ ا
245
1
0
_a
احلام الناى اوانباء عجيبة من كوكب اخروقصص اخرى
300
_a
122 ص
490
_a
سلسلة المائة كتاب
_v
0
999
_c
39835
_d
39835